000 00556nam a22001817a 4500
005 20230825122711.0
008 230825b |||||||| |||| 00| 0 eng d
020 _a9781471801785
040 _aKMU
_cKMU
_dKMU
_erda
050 _aPE 1408 May
100 _aMay, Stephen
245 _aGet started in creative writing :
_bBegin and perfect your creative writing pieces /
_cMay, Stephen
260 _aGreat Britain :
_bHodder and Stoughton,
_c2008.
300 _axiv, 255 p. :
_c20 cm.
600 _aDaber, Jodie
700 _aDaber, Jodie
942 _2lcc
_cBK
_n0
999 _c583
_d583